LEADER 01143nam0-22003611i-450- 001 990006823280403321 005 20050427160510.0 035 $a000682328 035 $aFED01000682328 035 $a(Aleph)000682328FED01 035 $a000682328 100 $a20010426d1995----km-y0itay50------ba 101 0 $aita 102 $aIT 105 $ay-------001yy 200 1 $aEvoluzione mafiosa e tecnologie criminali$eanalisi dinamico-strutturali delle organizzazioni criminali$fGaetano De Leo, Marco Strano, Giancarlo Pezzuto, Luigi Ciro De Lisi 210 $aMilano$cGiuffrè$dc1995 215 $aX, 226 p.$d24 cm 610 0 $aMafia - Italia - 1980-1995 676 $a364.106$v20$zita 700 1$aDe Leo,$bGaetano$f<1940- >$0121001 701 1$aStrano,$bMarco$028543 701 1$aPezzuto,$bGiancarlo$0464773 701 1$aDe Lisi,$bLuigi Ciro$0495444 801 0$aIT$bUNINA$gRICA$2UNIMARC 901 $aBK 912 $a990006823280403321 952 $aV B 180$b27701$fFSPBC 952 $aVI L 959$b4225$fDDA 959 $aDDA 959 $aFSPBC 996 $aEvoluzione mafiosa e tecnologie criminali$9634174 997 $aUNINA LEADER 01237nam0-2200421---450 001 990010113230403321 005 20180618140248.0 010 $a978-0-470-11539-8 035 $a001011323 035 $aFED01001011323 035 $a(Aleph)001011323FED01 035 $a001011323 100 $a20161024d2007----km-y0itay50------ba 101 0 $aeng 102 $aUS 105 $a--------001yy 200 1 $aTransport phenomena$fR. Byron Bird, Warren E. Stewart, Edwin N. Lightfoot 205 $arevised 2nd ed. 210 $aNew York$cJohn Wiley & Sons Inc.$dc2007 215 $aXII, 905 p.$d26 cm 610 0 $aMeccanica dei fluidi 676 $a530.138 700 1$aBird,$bR. Byron$09198 701 1$aStewart,$bWarren E.$0231 701 1$aLightfoot,$bEdwin N.$09199 801 0$aIT$bUNINA$gRICA$2UNIMARC 901 $aBK 912 $a990010113230403321 952 $a23 08 F 29$b1091 / 2016$fFINAG 952 $a23 08 D 06$b2028 / 2018$fFINAG 952 $a23 08 D 07$b2029 / 2018$fFINAG 952 $a13 05 03$b0996$fFINBC 952 $a13 H 16 20$b2026 / 2018$fFINBC 952 $a13 H 16 21$b2027 / 2018$fFINBC 959 $aFINBC 959 $aFINAG 996 $aTransport phenomena$9103109 997 $aUNINA LEADER 01135nam0 22003011i 450 001 SUN0011778 005 20051027120000.0 010 $a34-522-4679-5 100 $a20030127d2002 |0gerc50 ba 101 $ager 102 $aDE 105 $a|||| ||||| 200 1 $aGesellschaftsrecht$fKarsten Schmidt 205 $a4. vollig neu bearbeitete und erweiterte Auflage 210 $aKoln$cHeymann$d2002 215 $aLVI, 1964 p.$d25 cm. 606 $aSocieta commerciali-Diritto-Germania$2FI$3SUNC006331 606 $aDiritto delle società$xGermania occidentale$2FI$3SUNC006332 620 $dKöln$3SUNL000293 676 $a346.46066$v21 700 1$aSchmidt$b, Karsten$3SUNV008802$0257317 712 $aHeymann$3SUNV002236$4650 801 $aIT$bSOL$c20181109$gRICA 912 $aSUN0011778 950 $aUFFICIO DI BIBLIOTECA DEL DIPARTIMENTO DI GIURISPRUDENZA$d00 CONS VI.Em.86 $e00 22369 995 $aUFFICIO DI BIBLIOTECA DEL DIPARTIMENTO DI GIURISPRUDENZA$h22369$kCONS VI.Em.86$op$qa 996 $aGesellschaftsrecht$9664870 997 $aUNICAMPANIA LEADER 01323nam--2200385---450- 001 990002970300203316 005 20101214152645.0 010 $a88-387-3760-6 035 $a000297030 035 $aUSA01000297030 035 $a(ALEPH)000297030USA01 035 $a000297030 100 $a20070910d2007----km-y0itaa50------ba 101 0 $aita 102 $aIT 105 $ay|||z|||001yy 200 1 $aIRAP 2007$ela determinazione della base imponibile 2006, commento al modello IRAP, la nuova deduzione per incremento occupazionale, casi pratici$fGiovanni Fiore 210 $aSantarcangelo di Romagna$cMaggioli$d2007 215 $a158, LXXV p.$d30 cm 225 2 $aProfessionisti & imprese$v50/d 410 0$12001$aProfessionisti & Imprese$iLavoro$v24 606 0 $aSocietà $xLegislazione 676 $a346.4506602648 700 1$aFIORE,$bGiovanni$0357697 801 0$aIT$bsalbc$gISBD 912 $a990002970300203316 951 $aXXIV.5.C. 829 (IG VII 939)$b15421 E.C.$cXXIV.5.C. 829 (IG VII)$d00063084 959 $aBK 969 $aGIU 979 $aFIORELLA$b90$c20070910$lUSA01$h1040 979 $aRSIAV4$b90$c20090903$lUSA01$h1515 979 $aFIORELLA$b90$c20100716$lUSA01$h1006 979 $aRSIAV4$b90$c20101214$lUSA01$h1526 996 $aIRAP 2007$91027857 997 $aUNISA LEADER 01087nam a2200229 i 4500 001 991001952049707536 008 035 $ab13453130-39ule_inst 040 $aDip.to di Studi Storici$bita 082 04$a070.5092 100 $aMezzapesa, Pietro$0255391 245 10$aEttore Cressati :$bla parabola storico-politica e la traiettoria economico-sociale di un grande pioniere dell'arte grafica nel Mezzogiorno /$cPietro Mezzapesa 260 $aTaranto :$bGrafiche Adele Cressati,$c2006 300 $a46 p. :$bill. ;$c24 cm. 500 $aContiene la relazione del prof. sen. Pietro Mezzapesa, tenuta a Noci il 29 settembre 2005, per la presentazione del volume "Ettore Cressati: da Garibaldi a Mussolini..." 600 14$aCressati, Ettore 907 $a.b13453130$b28-05-12$c14-11-06 912 $a991001952049707536 945 $aLE023 Misc. Bibl. I, 4 $g1$i2023000091852$lle023$o-$pE6.00$q-$rn$so $t0$u0$v0$w0$x0$y.i14381588$z28-02-07 996 $aEttore Cressati$91098985 997 $aUNISALENTO 998 $ale023$b28-05-12$cm$da $e-$fita$git $h0$i0